Statistics for Pokémon with the Ability Swift Swim

Click here to take the quiz!

General Stats

  • This quiz has been taken 32 times
  • The average score is 24 of 39

Answer Stats

GenAnswer% Correct
IIILuvdisc
82%
IHorsea
82%
ISeaking
82%
IGoldeen
82%
IPsyduck
76%
IIKingdra
76%
IGolduck
76%
IIILudicolo
71%
IIILotad
71%
IIILombre
71%
IIIHuntail
71%
IIIGorebyss
71%
IMagikarp
71%
IPoliwhirl
65%
IPoliwag
65%
IVFinneon
65%
IPoliwrath
65%
VISwampert (Mega)
65%
IVLumineon
65%
VSeismitoad
59%
VPalpitoad
59%
VTympole
59%
IIIFeebas
59%
IVFloatzel
53%
IIISurskit
53%
IVBuizel
53%
IIIRelicanth
53%
IVMantyke
53%
IIMantine
53%
IKabuto
53%
IKabutops
53%
IIIArmaldo
53%
IOmastar
53%
IOmanyte
53%
IIIAnorith
53%
VCarracosta
47%
VTirtouga
47%
IIQwilfish
35%
VBeartic
18%

Score Distribution

Percentile by Number Answered

Percent of People with Each Score

Your Score History

You have not taken this quiz